000 00664nam a2200229Ia 4500
003 OSt
005 20220923223717.0
006 a|||||r|||| 00| 0
007 ta
008 Pun
024 _a220,602
037 _cTextual
040 _aARTS
_cARTS
_bPun
041 _2Pun
_aPun
082 _aa14-3153, 153J3
100 _aਗੁਰਚਰਣ ਸਿੰਘ
245 0 _aਪੰਜਾਬੀ ਪਰਕਾFਨਾਂ ਦੀ ਸੂਚੀ
260 _aਪਟਿਆਲਾ
_b ਮਹਿਕਮਾ ਪੰਜਾਬੀ
_c1953
300 _a411ਪੰ
_ccm.
942 _ha14-3153, 153J3
_cTEXL
_2CC
999 _c366898
_d366898